|
|
|
|
| LEADER |
00000cam a22000004a 4500 |
| 001 |
musev2_9286 |
| 003 |
MdBmJHUP |
| 005 |
20230905041046.0 |
| 006 |
m o d |
| 007 |
cr||||||||nn|n |
| 008 |
011002s2001 utu o 00 0 eng d |
| 010 |
|
|
|z 2001005898
|
| 020 |
|
|
|a 9780874214727
|
| 020 |
|
|
|z 9780874214284
|
| 020 |
|
|
|z 9780874214277
|
| 035 |
|
|
|a (OCoLC)606643490
|
| 040 |
|
|
|a MdBmJHUP
|c MdBmJHUP
|
| 043 |
|
|
|a n-usp--
|a n-us-ut
|
| 050 |
0 |
4 |
|a F593
|b .B24 2001
|
| 082 |
0 |
|
|a 978/.02/092
|2 21
|
| 100 |
1 |
|
|a Barney, Ronald O.,
|d 1949-
|
| 245 |
1 |
0 |
|a One Side By Himself :
|b The Life and Times of Lewis Barney, 1808-1894 /
|c by Ronald O. Barney.
|
| 264 |
|
1 |
|a Logan :
|b Utah State University Press,
|c 2001.
|
| 264 |
|
3 |
|a Baltimore, Md. :
|b Project MUSE,
|c 2012
|
| 264 |
|
4 |
|c ©2001.
|
| 300 |
|
|
|a 1 online resource (424 pages):
|b ill., maps ;
|
| 336 |
|
|
|a text
|b txt
|2 rdacontent
|
| 337 |
|
|
|a computer
|b c
|2 rdamedia
|
| 338 |
|
|
|a online resource
|b cr
|2 rdacarrier
|
| 504 |
|
|
|a Includes bibliographical references (p. 369-393) and index.
|
| 506 |
0 |
|
|a Open Access
|f Unrestricted online access
|2 star
|
| 588 |
|
|
|a Description based on print version record.
|
| 600 |
1 |
0 |
|a Barney, Lewis,
|d 1808-1894.
|
| 650 |
|
0 |
|a Mormon Church
|x History
|y 19th century.
|
| 650 |
|
0 |
|a Frontier and pioneer life
|z Utah.
|
| 650 |
|
0 |
|a Frontier and pioneer life
|z West (U.S.)
|
| 650 |
|
0 |
|a Mormon pioneers
|z Utah
|v Biography.
|
| 650 |
|
0 |
|a Mormon pioneers
|z West (U.S.)
|v Biography.
|
| 651 |
|
0 |
|a Utah
|v Biography.
|
| 651 |
|
0 |
|a West (U.S.)
|v Biography.
|
| 655 |
|
7 |
|a Electronic books.
|2 local
|
| 710 |
2 |
|
|a Project Muse.
|e distributor
|
| 830 |
|
0 |
|a Book collections on Project MUSE.
|
| 856 |
4 |
0 |
|z Texto completo
|u https://projectmuse.uam.elogim.com/book/9286/
|
| 945 |
|
|
|a Project MUSE - Archive Complete Foundation
|
| 945 |
|
|
|a Project MUSE - Archive US Regional Studies, West Foundation
|